Hướng dẫn từng bước tự học và thực hành Visual C++ 2008 kèm theo các bài tập ứng dụng - toàn tập

Hợp lý hóa phương tiện và cơ cấu của OOP; làm việc với bộ tiền xử lý; các kiểu dữ liệu; các lớp; các array và template; nhập và xuất; sử dụng chức năng cài sẵn; các tiện ích; ,....

Tallennettuna:
Bibliografiset tiedot
Päätekijä: Trịnh Quốc Tiến (Tác giả)
Aineistotyyppi: Kirja
Kieli:Vietnamese
Julkaistu: H. Hồng Đức 2008
Aiheet:
Tagit: Lisää tagi
Ei tageja, Lisää ensimmäinen tagi!
Thư viện lưu trữ: Mạng thư viện Đại học Đà Nẵng
LEADER 01452nam a2200349 4500
001 000009393
003 5590
005 20120302140323.0
008 111026s2008 viesd
020 |c 86000đ 
041 0 |a vie 
082 |a 005.133071  |b TR-T 
100 0 |a Trịnh Quốc Tiến 
245 0 |a Hướng dẫn từng bước tự học và thực hành Visual C++ 2008  |b kèm theo các bài tập ứng dụng - toàn tập  |c Trịnh Quốc Tiến và nhóm tin học ứng dụng 
260 |a H.  |b Hồng Đức  |c 2008 
300 |a 508 tr.  |c 24 cm 
520 |a Hợp lý hóa phương tiện và cơ cấu của OOP; làm việc với bộ tiền xử lý; các kiểu dữ liệu; các lớp; các array và template; nhập và xuất; sử dụng chức năng cài sẵn; các tiện ích; ,.... 
653 |a Thực hành 
653 |a Bài tập ứng dụng 
653 |a Visual C++ 
700 |a Trịnh Quốc Tiến  |e Tác giả 
910 |a Thanh  |d 26/10/2011 
OWN |a LSP 
AVA |a UDN50  |b LSP  |d 005.133071 TR-T  |e check_holdings  |t Error 5003 Not defined in file expand_doc_bib_avail.  |h N  |k 1 
999 |a From the UDN01 
AVA |a UDN50  |b LSP  |d 005.133071 TR-T  |e available  |t Error 5001 Not defined in file expand_doc_bib_avail.  |f 20  |g 0  |h N  |i 3  |k 1 
TYP |a Monograph 
TYP |a Printed language 
980 |a Mạng thư viện Đại học Đà Nẵng